000 00484nam a22001937a 4500
003 UA-OsUOA
001 54025
007 ta
008 20080516b un ||||| |||| 00| 0 ukr d
090 _bК53
942 _cBK
040 _aUA-OsUOA
_bukr
_cUA-OsUOA
_dUA-OsUOA
245 _aКнига псалмів. Книга приповістєй Соломонових
955 _a2
041 _aukr
260 _aК.
_bВадим Карпенко
650 7 _2UDC
999 _c340108
_d340108